000 00311nam a2200133 i 4500
001 bg
100 1 _aHORN, Volkmar
245 0 _aAtlas struktur svarnych svedinenij /
_cVolkmar Horn.
260 _aMoskwa,
_c1977.
040 _cBPK
041 _apol
942 _cKS
008 s pl f |000 0 pol
999 _c27851
_d27851
856 _uhttp://koha.tu.koszalin.pl/cgi-bin/koha/opac-detail.pl?biblionumber=27851
_yKatalog online BPK